LIBRARY & INFORMATION CENTRE, KCAET, TAVANUR

ONLINE PUBLIC ACCESS CATALOGUE (OPAC)

Scepticism and poetry ; An essay on the poetic imagenation / (Record no. 3081)

MARC details
000 -LEADER
fixed length control field 00437cam a2200169ua 4500
041 ## - LANGUAGE CODE
Language code of text/sound track or separate title eng
082 ## - DEWEY DECIMAL CLASSIFICATION NUMBER
Classification number 828.09
Item number JAM/SC
100 ## - MAIN ENTRY--AUTHOR NAME
Personal name James, D G .
245 ## - TITLE STATEMENT
Title Scepticism and poetry ; An essay on the poetic imagenation /
260 ## - PUBLICATION, DISTRIBUTION, ETC. (IMPRINT)
Place of publication :
Name of publisher London George Allen & Unwin Ltd ,
Year of publication 1960.
300 ## - PHYSICAL DESCRIPTION
Number of Pages 280 ; .
942 ## - ADDED ENTRY ELEMENTS (KOHA)
Koha item type Books
Holdings
Withdrawn status Lost status Damaged status Home library Current library Date acquired Cost, normal purchase price Full call number Accession Number Koha item type Public note
Withdrawn     KAUAET Malayalam University 07/04/2012 25.00 828.09 6899 Books Transferred to Malayalam University
free website counter